000 01015nam a22002657a 4500
001 000052564
003 DO-SdBNP
005 20180313105859.0
007 000052564
008 160510b 1999 dr a ||||| |||| 00| 0 spa d
040 _aBNPHU
_bspa
_cBNPHU
082 _a373.83
_bC719g 1ro. 1999
100 1 _aColón, Juan
245 1 0 _aGeografía mundial /
_cJuan Colón.
250 _a3a ed.
260 0 _aSanto Domingo :
_bEducando,
_c1999.
300 _a126 p. :
_bil., mapas, retrs. ;
_c28 cm.
500 _aIncluye datos biográficos del autor en la solapa de la contracubierta.
500 _aAprobado por la Secretaría de Estado de Educación y Cultura, como texto básico para el primer grado del primer ciclo de la educación media, en fecha 28 de julio de 1998.
650 4 _aGEOGRAFIA
_xENSEÑANZA SECUNDARIA
650 4 _aGEOGRAFIA
_xESTUDIOS Y EJERCICIOS
942 _2ddc
_cBK
945 _aRemanejado para la Bib. BNPHU, 2018/ YL
956 _2LOPEREZ
_310
_620161005
_8BPMSU
_a00041
999 _c10064
_d10064